000 01455nam a2200325 c 4500
003 BLK
005 20180420213718.0
008 180412b bul|||||r ||||||| ||bul||
010 _aKNG00004751000
020 _a954-419-014-7
_bиздат.: Отечество - на том(т. 11)
040 _aBLK
041 _aBUL
_cBUL
080 _aНемска литература
_b821.112.2
_x(081.2)
_z821.112.2(081.2)
080 _aНемска литература
_b821.112.2
_x-93-31
_z821.112.2-93-31
100 1 _aМай, Карл
_eпърви автор
_9241916
700 1 _aРадков, Веселин Стаменов
_eпрев. от нем.
_9247612
139 _aМай, Карл
_bМ 16
245 1 0 _aИзбрани произведения
_bТ. 1 - За том: Роман [за юноши]
_cКарл Май; прев. от нем. Веселин Стаменов Радков.
_nТ. 11
_pКрай Рио де ла Плата - част 2
257 _aDEU
260 София
_c1988 -
300 _c22 см
380 _aX
490 1 _aСветовна класика за деца
760 1 _3- на том(т. 11)
_aМай, Карл
_dОтечество, 1993
_h375 с.
_nОриг. загл. Am Rio de la Plata / Karl May
_tТ. 11 Край Рио де ла Плата - част 2
852 _aЦб 154874
856 4 _qpdf
_u
856 4 _qpdf
_u
942 _cKNG
_n0
944 _aCR
_c15.01.2003
_kВиолета_Тройчева
944 _aED
_c18.02.2011
_k
999 _c3644
_d3644